Spam The Letter B - Statistics

General Stats
  • This quiz has been taken 235 times
  • The average score is 18 of 21
Answer Stats
Level SPAMMMM % Correct
START b
100%
super duper duper easy bbb
100%
super duper easy bbbb
100%
super easy bbbbb
100%
very easy bbbbbb
100%
pretty easy bbbbbbb
100%
easy bbbbbbbbb
98%
not very easy bbbbbbbbbbb
98%
kinda easy bbbbbbbbbbbb
98%
somewhat easy bbbbbbbbbbbb
98%
midium bbbbbbbbbbbbbb
98%
not hard bbbbbbbbbbbbbbbbbb
95%
not too hard bbbbbbbbbbbbbbbbbbbbb
95%
somewhat hard bbbbbbbbbbbbbbbbbbbbbbbbbbb
94%
kinda hard bbbbbbbbbbbbbbbbbbbbbbbbbbbbbbbbbb
88%
hard bbbbbbbbbbbbbbbbbbbbbbbbbbbbbbbbbbbbbbbbbbbb
70%
very hard bbbbbbbbbbbbbbbbbbbbbbbbbbbbbbbbbbbbbbbbbbbbb
63%
super hard bbbbbbbbbbbbbbbbbbbbbbbbbbbbbbbbbbbbbbbbbbbbbbbbbb
62%
super duper hard bbbbbbbbbbbbbbbbbbbbbbbbbbbbbbbbbbbbbbbbbbbbbbbbbbbbbb
59%
super duper duper hard bbbbbbbbbbbbbbbbbbbbbbbbbbbbbbbbbbbbbbbbbbbbbbbbbbbbbbbbbbb
54%
IMPOSSIBLE bbbbbbbbbbbbbbbbbbbbbbbbbbbbbbbbbbbbbbbbbbbbbbbbbbbbbbbbbbbbbbbbbbbbbbbbbbbbbbbbbbbbbbbbbbbbbbbbbbbbbbbbbbbbbb
49%
No matching quizzes found
Score Distribution
Percent of People with Each Score
Percentile by Number Answered
Your Score History
You have not taken this quiz